000 00571nam a2200181 a 4500
005 20140310183504.0
008 100809s19uu xx 00 eng d
020 _a9780470540251
050 _aRJ 506.A9
_b.B76 2010
100 _aBromfield, Richard
245 _aDoing therapy with children and adolescents with asperger syndrome /
_cRichard Bromfield.
260 _aNew Jersey :
_bJohn Wiley & Sons, Inc,
_c2010.
300 _a217 p. :
_c24 cm.
521 _aEDU
650 _aAsperger's syndrome in children
_xTreatment.
942 _cBK
_2lcc
_kFOR
999 _c23999
_d23999